Top 5 Songs On AM (Arctic Monkeys) - Statistics

General Stats
  • This quiz has been taken 217 times
    178 since last reset
  • The average score is 4 of 5
Answer Stats
Hint Answer % Correct
1,645,213,162 Do I Wanna Know?
93%
993,845,285 I Wanna Be Yours
93%
780,264,528 R U Mine?
86%
429,474,504 Arabella
82%
1,125,590,565 Why'd You Only Call Me When You're High?
78%
No matching quizzes found
Score Distribution
Percent of People with Each Score
Percentile by Number Answered
Your Score History
You have not taken this quiz since the last reset